书目信息 |
| 题名: |
北京市手扶拖拉机配套农具
|
|
| 作者: | ;北京市农业配套研究所 编 | |
| 分册: | ||
| 出版信息: | 北京 农业出版社 1974 |
|
| 页数: | 133页 | |
| 开本: | 20cm | |
| 丛书名: | ||
| 单 册: | ||
| 中图分类: | S219.6 | |
| 科图分类: | ||
| 主题词: | 农业--动能 , 农业--能源 | |
| 电子资源: | ||
| ISBN: | ||
| 000 | 00660nam0 2200205 450 | |
| 001 | 0659937297 | |
| 005 | 20060430164123.68 | |
| 010 | @dCNY0.37 | |
| 100 | @a20060430d1974 km y0chiy0120 ea | |
| 101 | 0 | @achi |
| 102 | @aCN@b110000 | |
| 200 | 1 | @a北京市手扶拖拉机配套农具@Abei jing shi shou fu tuo la ji pei tao nong ju@f北京市农业配套研究所编@Fbei jing shi nong ye pei tao yan jiu suo bian |
| 210 | @a北京@c农业出版社@d1974 | |
| 215 | @a133页@d20cm | |
| 606 | 0 | @a农业@x动能 |
| 606 | 0 | @a农业@x能源 |
| 690 | @aS219.6@v3 | |
| 711 | 0 | @a北京市农业配套研究所@Abei jing shi nong ye pei tao yan jiu suo@4编 |
| 801 | 0 | @aCN@bPFT@c20060430 |
| 905 | @a10447@dS219.6@e7 | |
| 北京市手扶拖拉机配套农具/北京市农业配套研究所编.-北京:农业出版社,1974 |
| 133页;20cm |
| ISBN :CNY0.37 |
| ● |
| 相关链接 |
|
|
|
|
正题名:北京市手扶拖拉机配套农具
索取号:S219.6/7
 
预约/预借
| 序号 | 登录号 | 条形码 | 馆藏地/架位号 | 状态 | 备注 |
| 1 | 0017325 | 202330780 | 密集书库/ [索取号:S219.6/7] | 在馆 | |
| 2 | 0017326 | 202330717 | 密集书库/ [索取号:S219.6/7] | 在馆 | |
| 3 | 0017330 | 202330753 | 密集书库/ [索取号:S219.6/7] | 在馆 | |
| 4 | 0017331 | 202330744 | 密集书库/ [索取号:S219.6/7] | 在馆 |